000 00576nam a2200205 i 4500
001 48980
003 ES-MaACL
005 20240601063022.0
007 t|
008 030703s1966 sp ||||1| spa d
100 1 _aCornide Ferrant, Alvaro.
_940630
245 1 0 _aTiempos y solos /
_cAlvaro Cornide Ferrant.
260 _aPalencia :
_b[s.n.],
_c1966.
300 _a76 p. ;
_c22 cm.
490 1 _aColección Rocamador ;
_v57
830 0 0 _aRocamador (Serie) ;
_v57
_9236737
852 _aES-MaACL
_jC-29780
_bR.60425
942 _2udc
999 _c48980
_d48980